Top artists from Senegal (2024) - Statistics

General Stats
  • This quiz has been taken 11 times
  • The average score is 3 of 6
Answer Stats
Rank Viberate popularity music genre Answer % Correct
2 376.8K African Youssou N'Dour
88%
1 453K African Wally Seck
63%
3 320.4K African Mia Guisse
38%
6 170.9K African VJ
38%
5 223K African Amadeus
25%
4 267.8K African Viviane Chidid
25%
No matching quizzes found
Score Distribution
Percent of People with Each Score
Percentile by Number Answered
Your Score History
You have not taken this quiz